000 00614cam a22002053a 4500
001 45280
003 PGUSA
005 20140828084035.0
008 140331s2014||||xxu|||||s|||||000 | eng d
040 _aPGUSA
_beng
042 _adc
100 1 _aHolmes, Oliver Wendell,
_d1809-1894
245 1 4 _aThe Wonderful "One-Hoss-Shay" :
_bAnd Other Poems
_h[electronic resource] /
_cOliver Wendell Holmes
260 _bProject Gutenberg,
_c2014
506 _aPublic domain in the USA.
516 _aElectronic text
830 0 _aProject Gutenberg
_v45280
856 4 0 _uhttp://www.gutenberg.org/ebooks/45280
942 _cEB
999 _c274531
_d274531